| 000 | 00938nam a2200241Ia 4500 | ||
|---|---|---|---|
| 999 |
_c36241 _d36241 |
||
| 001 | 2144 | ||
| 003 | GE_BSU | ||
| 005 | 20190514191847.0 | ||
| 008 | 181216s2011||||ge |||||||||||||| ||geo|| | ||
| 020 | _a9789941148842 | ||
| 040 | _cGE_BSU | ||
| 041 | _ageo | ||
| 080 | _a004.42+004.65 ნ–25 | ||
| 100 |
_aნანობაშვილი, ქ. _91144 |
||
| 245 |
_aWeb-ტექნოლოგიები (Macromedia dreamweaver) : _bდამხმ. სახელმძღვ. / _cქ. ნანობაშვილი, ვ. ტაკაშვილი, ფ. პაატაშვილი ; სტუ. |
||
| 300 |
_a104 გვ. : _bილ., _c20 სმ. |
||
| 541 | _h5 ლ. | ||
| 653 | _aინტერნეტი | ||
| 700 |
_a ტაკაშვილი, ვ. _eავტორი _91149 |
||
| 700 |
_a პაატაშვილი, ფ. _eავტორი _91150 |
||
| 710 |
_a სტუ _91151 |
||
| 942 |
_cBK _2udc |
||